| 000 | 00000nam 2200000za 4500 |
| 001 | 9.642821 |
| 003 | CaOODSP |
| 005 | 20240207110918 |
| 007 | cr ||||||||||| |
| 008 | 150407|2011||||xxc|||||o f|0| 0 fre d |
| 040 | |aCaOODSP|bfre |
| 043 | |an-cn--- |
| 086 | 1 |aSE3-88/2011F-PDF |
| 245 | 00|aParticipation électorale des Autochtones au Canada |h[ressource électronique] / |c[par] Patrick Fournier et Peter John Loewen. |
| 260 | |aOttawa : |bÉlections Canada, |c2011. |
| 300 | |a72 p. : |bgraphiques |
| 500 | |a« Novembre 2011. » |
| 590 | |a14-07-Supp|b2014-04-03 |
| 691 | 07|aAutochtones|2gcpds |
| 691 | 07|aÉlections|2gcpds |
| 710 | 2 |aÉlections Canada. |
| 720 | 1 |aFournier, Patrick |
| 720 | 1 |aLoewen, Peter John |
| 775 | 08|tAboriginal electoral participation in Canada |w(CaOODSP)9.698810 |
| 856 | 40|ahttp://publications.gc.ca|qPDF|s1.09 Mo|uhttps://publications.gc.ca/collections/collection_2014/elections/SE3-88-2011-fra.pdf |